00794nas a2200265 4500001001000000003000900010005001700019007000300036008003400039040005400073041000900127072000800136100002200144100001700166100001900183100002200202100001900224245009300243650001100336650000900347650000900356650002200365773008900387856005200476BR0902950BR-BrBNA20231205113422.0ta230509b bl.|||p| |||| 00| 00por d aBR-BrBNAbporcBiblioteca Nacional de Agricultura a(Pt) aF601 aCarvalho, A.M. de1 aBaliza, D.P.1 aTrevisan, W.L.1 aGuimarães, R.J.1 aFerreira, A.D.1 aUtilização de mudas de raízes múltiplas na implantação de lavouras cafeeiras aCAFÉ aRAIZ aMUDA aSISTEMA RADICULAR0 tCoffee Science (Brazil)xISSN 1809-6875g(Jan-Jun 2009), v. 4(1) p. 76-83wBR090295040uhttp://www.aprh.pt/rgci/pdf/rgci-155_Borges.pdf